[Event "Steyr Landesliga 1314"]
[Site "Austria"]
[Date "2014.04.12"]
[Round "11.7"]
[White "Toelly, Michael"]
[Black "Hollauf, Gerd"]
[Result "1-0"]
[WhiteElo "1795"]
[BlackElo "1670"]
[PlyCount "85"]
[EventDate "2013.09.28"]
[EventType "team-tourn"]
[EventRounds "11"]
[EventCountry "AUT"]
[SourceTitle "EXT 2015"]
[Source "ChessBase"]
[SourceDate "2014.11.20"]
[SourceVersion "1"]
[SourceVersionDate "2014.11.20"]
[SourceQuality "1"]
[WhiteTeam "Fuerstenfeld"]
[BlackTeam "Hartberg"]
[WhiteTeamCountry "AUT"]
[BlackTeamCountry "AUT"]

1. e4 b6 2. d4 e6 3. Nf3 Bb7 4. Nc3 Bb4 5. Bd3 c5 6. 0-0 Bxc3 7. bxc3 Ne7 8. Ne5 Ng6 9. Qg4 Nc6 10. f4 Ncxe5 11. fxe5 h6 12. Be3 Rc8 13. g3 Qe7 14. h4 h5 15. Qf3 c4 16. Be2 Kf8 17. a4 a6 18. Bc1 Kg8 19. Ba3 Qe8 20. Rf2 Rh7 21. Raf1 Nh8 22. Bd6 b5 23. Rb1 Rh6 24. axb5 axb5 25. Rxb5 Ba8 26. Qe3 Rc6 27. Rc5 f5 28. exf5 exf5 29. Bxc4+ Kh7 30. Qf4 Ng6 31. Qxf5 Rxd6 32. exd6 Qe1+ 33. Bf1 Qe3 34. Qg5 Qe6 35. Bc4 Qxd6 36. Rc8 Bc6 37. Bd3 Qe6 38. Re2 Qh3 39. d5 Bb7 40. Rd8 Bxd5 41. Qxd5 Qxg3+ 42. Qg2 Qf4 43. Ree8 1-0

[Event "Steyr Landesliga 1112"]
[Site "Austria"]
[Date "2011.09.24"]
[Round "1.7"]
[White "Hollauf, Gerd"]
[Black "Mach, Robert"]
[Result "0-1"]
[WhiteElo "1691"]
[BlackElo "1960"]
[PlyCount "30"]
[EventDate "2011.09.24"]
[EventType "team-tourn"]
[EventRounds "11"]
[EventCountry "AUT"]
[SourceTitle "EXT 2013"]
[Source "ChessBase"]
[SourceDate "2012.11.22"]
[SourceVersion "1"]
[SourceVersionDate "2012.11.22"]
[SourceQuality "1"]
[WhiteTeam "Hartberg"]
[BlackTeam "Leoben"]
[WhiteTeamCountry "AUT"]
[BlackTeamCountry "AUT"]

1. f4 d5 2. Nf3 Nc6 3. e3 Nf6 4. b3 Bf5 5. Bb2 e6 6. Be2 Bc5 7. c3 Qe7 8. b4 Bd6 9. Qa4 0-0 10. b5 Nb8 11. 0-0 Nbd7 12. Na3 Nc5 13. Qd4 a5 14. Rac1 Ncd7 15. Qa4 Nb6 0-1

[Event "Steiermark-ch"]
[Site "Hartberg"]
[Date "2008.08.21"]
[Round "2.5"]
[White "Hollauf, Gerd"]
[Black "Schein, Karl Heinz"]
[Result "1/2-1/2"]
[WhiteElo "1737"]
[BlackElo "2193"]
[PlyCount "46"]
[EventDate "2008.08.21"]
[EventType "swiss"]
[EventRounds "8"]
[EventCountry "AUT"]
[SourceTitle "EXT 2024"]
[Source "ChessBase"]
[SourceDate "2023.10.10"]
[SourceVersion "1"]
[SourceVersionDate "2023.10.10"]
[SourceQuality "1"]

1. f4 d6 2. Nf3 Bg4 3. e3 e5 4. Be2 Nd7 5. 0-0 Ngf6 6. Nc3 c6 7. b3 Be7 8. Bb2 exf4 9. exf4 0-0 10. Nd4 Bxe2 11. Qxe2 Re8 12. Kh1 Bf8 13. Qf3 Qa5 14. d3 Qh5 15. Qxh5 Nxh5 16. g4 Nhf6 17. h3 d5 18. Nf5 b5 19. Rae1 a6 20. a3 Rxe1 21. Rxe1 Re8 22. Rxe8 Nxe8 23. Kg2 Nd6 1/2-1/2